[Event "Cto Aragón Ajedrez Equipos DH Gr I"]
[Site "Aragon"]
[Date "2015.01.31"]
[Round "2.10"]
[White "Ramon Perez, Jose Luis"]
[Black "Villuendas Valero, Adrian"]
[Result "1/2-1/2"]
[WhiteElo "2237"]
[BlackElo "2288"]
[PlyCount "115"]
[EventDate "2015.01.24"]
[WhiteTeam "Agrupacion"]
[BlackTeam "St. Casablanca B"]

1. e4 e6 2. b3 d5 3. Bb2 dxe4 4. Nc3 Nf6 5. Qe2 Be7 6. O-O-O a5 7. d3 exd3 8.
Rxd3 Nbd7 9. Nf3 O-O 10. g4 Nd5 11. Nxd5 exd5 12. Rxd5 Bf6 13. g5 Bxb2+ 14.
Kxb2 c6 15. Rd4 Qb6 16. Qe7 Nc5 17. Rc4 Ne6 18. Bd3 Qc7 19. Qxc7 Nxc7 20. Re1
Be6 21. Rh4 g6 22. Nd2 Kg7 23. Ne4 a4 24. Nf6 Rh8 25. Rxa4 Rxa4 26. bxa4 h6 27.
h4 Ra8 28. Re4 Na6 29. Bxa6 bxa6 30. Kc3 hxg5 31. hxg5 Rh8 32. Kb4 Rh2 33. f4
Rxc2 34. Ka5 Rxa2 35. Kxa6 c5 36. Kb5 c4 37. Kb4 Rb2+ 38. Kc3 Rb3+ 39. Kd4 Rb4
40. a5 Rb3 41. Re3 Rb8 42. Ra3 Rd8+ 43. Kc3 Kf8 44. a6 Ke7 45. a7 Ra8 46. Kd4
Kd6 47. Ne4+ Kc6 48. Nd2 Rd8+ 49. Kc3 Rd3+ 50. Kb4 Rxa3 51. Kxa3 Kb7 52. Kb4
Kxa7 53. Nxc4 Bxc4 54. Kxc4 Kb6 55. Kd5 Kc7 56. Ke5 Kd7 57. Kf6 Ke8 58. f5
1/2-1/2

[Event "Cto Aragón Ajedrez Equipos DH Gr I"]
[Site "Aragon"]
[Date "2015.01.31"]
[Round "2.11"]
[White "Gomez Anadon, Daniel"]
[Black "Remiro Juste, Fernando Jose"]
[Result "0-1"]
[WhiteElo "2249"]
[BlackElo "2232"]
[PlyCount "68"]
[EventDate "2015.01.24"]
[WhiteTeam "St. Casablanca B"]
[BlackTeam "Agrupacion"]

1. d4 Nf6 2. Nf3 g6 3. Bf4 Bg7 4. e3 O-O 5. Be2 d6 6. h3 Nc6 7. O-O Bf5 8. c4
Ne4 9. Bh2 e5 10. d5 Ne7 11. Nbd2 Nxd2 12. Qxd2 h6 13. Rfd1 g5 14. Ne1 Ng6 15.
Nc2 Qe7 16. Bg4 Be4 17. Ne1 Nh8 18. Bh5 Bh7 19. f3 f5 20. Nc2 Ng6 21. Bxg6 Bxg6
22. Qe2 Rae8 23. e4 h5 24. g4 f4 25. Kg2 Kf7 26. Bg1 Rh8 27. Bf2 Rh6 28. Rh1
Reh8 29. Rae1 Bf6 30. Nb4 Kf8 31. Nd3 Qh7 32. Qd1 hxg4 33. hxg4 Bxe4 34. Rxh6
Qxh6 0-1

[Event "Cto Aragón Ajedrez Equipos DH Gr I"]
[Site "Aragon"]
[Date "2015.01.31"]
[Round "2.12"]
[White "Mimbela Lopez, Miguel A"]
[Black "Bellosta Lopez, Pablo"]
[Result "1-0"]
[WhiteElo "2148"]
[BlackElo "2074"]
[PlyCount "68"]
[EventDate "2015.01.24"]
[WhiteTeam "Agrupacion"]
[BlackTeam "St. Casablanca B"]

1. e4 c5 2. Nc3 g6 3. Bc4 Bg7 4. Qf3 e6 5. Nb5 d6 6. Qg3 e5 7. Qb3 Nh6 8. Qd3
Bf8 9. a4 Nc6 10. Nf3 Be7 11. Qe2 Ng8 12. d3 Be6 13. Bxe6 fxe6 14. h4 a6 15.
Na3 Qa5+ 16. Bd2 Qc7 17. h5 Bf6 18. hxg6 hxg6 19. Rxh8 Bxh8 20. Ng5 Qe7 21. Qg4
Kd7 22. O-O-O Nf6 23. Qh3 Bg7 24. Qg3 b5 25. Nf3 Qe8 26. Rh1 bxa4 27. Nc4 Rb8
28. Nh4 Ne7 29. Ba5 Qf7 30. Nxd6 Kxd6 31. Qxe5+ Kd7 32. Qc7+ Ke8 33. Qxb8+ Nc8
34. Qxc8+ Ke7 1-0

[Event "Cto Aragón Ajedrez Equipos DH Gr I"]
[Site "Aragon"]
[Date "2015.01.31"]
[Round "2.13"]
[White "Salamero Pelay, Fernando"]
[Black "Llanes Luno, Ricardo"]
[Result "1/2-1/2"]
[WhiteElo "2164"]
[BlackElo "2176"]
[PlyCount "92"]
[EventDate "2015.01.24"]
[WhiteTeam "Club atletismo Huesca"]
[BlackTeam "Delicias"]

1. e4 c5 2. Nf3 e6 3. d4 cxd4 4. Nxd4 a6 5. Nc3 Qc7 6. Bd3 Nc6 7. Nxc6 bxc6 8.
Be3 Nf6 9. O-O Be7 10. f4 d6 11. Kh1 e5 12. Qf3 Ng4 13. Bc4 Bf6 14. Na4 Nxe3
15. Qxe3 exf4 16. Rxf4 Be6 17. Bxe6 fxe6 18. Qh3 Qe7 19. Rd1 O-O 20. Nb6 Rad8
21. c3 d5 22. Qe3 dxe4 23. Re1 Rf7 24. Qxe4 Rdf8 25. g3 Qc5 26. Na4 Qd5 27. Kg1
Be7 28. b4 Rxf4 29. gxf4 Rf6 30. Qxd5 cxd5 31. Nb2 Kf7 32. Nd3 Bd6 33. Rf1 h6
34. a4 Ke7 35. Rf2 g5 36. fxg5 Rg6 37. h4 hxg5 38. hxg5 Rxg5+ 39. Rg2 Rxg2+ 40.
Kxg2 e5 41. Kf2 e4 42. Nc1 Bf4 43. Nb3 Be5 44. Nc5 a5 45. bxa5 Bxc3 46. Nxe4
dxe4 1/2-1/2

[Event "Cto Aragón Ajedrez Equipos DH Gr I"]
[Site "Aragon"]
[Date "2015.01.31"]
[Round "2.14"]
[White "Roche Simon, Manuel Angel"]
[Black "Luis Vitalla, Fernando"]
[Result "1/2-1/2"]
[WhiteElo "2144"]
[BlackElo "2143"]
[PlyCount "130"]
[EventDate "2015.01.24"]
[WhiteTeam "Delicias"]
[BlackTeam "Club atletismo Huesca"]

1. e4 c5 2. Nf3 d6 3. d4 cxd4 4. Nxd4 Nf6 5. Nc3 Nc6 6. Bg5 e6 7. Qd2 Be7 8.
O-O-O O-O 9. f3 d5 10. h4 dxe4 11. Nxc6 Qxd2+ 12. Rxd2 bxc6 13. Nxe4 Nxe4 14.
fxe4 f6 15. Be3 Rd8 16. Rxd8+ Bxd8 17. Bc4 Bb6 18. Re1 Kf8 19. g4 h6 20. g5
hxg5 21. hxg5 Ke7 22. e5 Bd7 23. exf6+ gxf6 24. gxf6+ Kxf6 25. Rf1+ Kg7 26. Bf4
Re8 27. Be5+ Kg8 28. Rf6 Bc8 29. b4 Bd7 30. Kb2 a5 31. c3 Bd8 32. Rg6+ Kf8 33.
a4 Bb6 34. Kb3 c5 35. b5 Bc8 36. Kc2 Bd7 37. Rg5 Rc8 38. Kd3 Rd8 39. Ke2 Bc8
40. Bf4 Kf7 41. Be3 Kf6 42. Rxc5 Bxc5 43. Bxc5 Bb7 44. Bb6 Ra8 45. Bd3 e5 46.
c4 e4 47. Bb1 Ke5 48. Ke3 Rc8 49. Bd4+ Ke6 50. c5 Bd5 51. Bxe4 Bxe4 52. Kxe4
Rg8 53. Be5 Rg4+ 54. Bf4 Rg1 55. c6 Rb1 56. Kd3 Rb4 57. Bd2 Rxa4 58. b6 Kd6 59.
b7 Kc7 60. Be1 Ra3+ 61. Kc4 Rh3 62. Bxa5+ Kb8 63. Bb4 Kc7 64. Ba5+ Kb8 65. Kb5
Rh7 1/2-1/2

[Event "Cto Aragón Ajedrez Equipos DH Gr I"]
[Site "Aragon"]
[Date "2015.01.31"]
[Round "2.15"]
[White "Gella Lopez, Angel"]
[Black "Lamas Mercadal, Manuel"]
[Result "0-1"]
[WhiteElo "2089"]
[BlackElo "2127"]
[PlyCount "96"]
[EventDate "2015.01.24"]
[WhiteTeam "Club atletismo Huesca"]
[BlackTeam "Delicias"]

1. d4 d5 2. c4 e6 3. Nf3 c5 4. cxd5 exd5 5. g3 Nc6 6. Bg2 Nf6 7. O-O Be7 8. Nc3
O-O 9. h3 c4 10. Bg5 h6 11. Bxf6 Bxf6 12. Rc1 Be6 13. e3 Rb8 14. Qd2 b5 15.
Rfd1 Qd7 16. Kh2 Rfd8 17. Ne2 Bf5 18. Nf4 Be4 19. Nh5 Be7 20. Ne5 Nxe5 21. dxe5
Qf5 22. Nf4 Qxe5 23. f3 Bh7 24. Nxd5 Bf6 25. Nxf6+ Qxf6 26. Qc3 Qxc3 27. bxc3
Rxd1 28. Rxd1 Bd3 29. a3 a5 30. Kg1 b4 31. axb4 axb4 32. cxb4 Rxb4 33. Bf1 Bf5
34. Rc1 Be6 35. g4 Kf8 36. Rc3 Ke7 37. e4 Kd6 38. Kf2 Rb3 39. Rxb3 cxb3 40. Bd3
Kc5 41. Ke3 b2 42. Bb1 Kc4 43. f4 Kc3 44. f5 Bb3 45. e5 Bc2 46. e6 fxe6 47. Ba2
exf5 48. gxf5 Bxf5 0-1

[Event "Cto Aragón Ajedrez Equipos DH Gr I"]
[Site "Aragon"]
[Date "2015.01.31"]
[Round "2.16"]
[White "Neila Castillo, Miguel Angel"]
[Black "Laplaza Ara, Carlos"]
[Result "1-0"]
[WhiteElo "2116"]
[BlackElo "1954"]
[PlyCount "53"]
[EventDate "2015.01.24"]
[WhiteTeam "Delicias"]
[BlackTeam "Club atletismo Huesca"]

1. e4 c6 2. d4 d5 3. exd5 cxd5 4. c4 e6 5. Nf3 Nf6 6. c5 b6 7. b4 bxc5 8. bxc5
Nc6 9. Nc3 Be7 10. Bd3 O-O 11. O-O Bd7 12. h3 Nb4 13. Bb1 Qa5 14. a3 Nc6 15.
Qd3 g6 16. Bf4 Nh5 17. Bh2 Ng7 18. Bc2 Bc8 19. Rfb1 Ba6 20. Qd2 Rfc8 21. Bd3
Ne8 22. Bxa6 Qxa6 23. Nb5 Bd8 24. Qh6 Qa5 25. Bd6 Ne7 26. Ng5 Nf6 27. Rb3 1-0

[Event "Cto Aragón Equipos DH Gr II"]
[Site "Aragon"]
[Date "2015.01.31"]
[Round "2.17"]
[White "Laliena Solanes, Luis"]
[Black "Glavina, Pablo"]
[Result "1-0"]
[WhiteElo "2150"]
[BlackElo "2418"]
[PlyCount "87"]
[EventDate "2015.01.24"]
[WhiteTeam "ONCE Aragon"]
[BlackTeam "St. Casablanca"]

1. e4 c5 2. Nf3 Nc6 3. Bb5 d6 4. Bxc6+ bxc6 5. e5 d5 6. O-O Bg4 7. h3 Bh5 8. e6
fxe6 9. g4 Bf7 10. Ne5 Nf6 11. Re1 g5 12. d4 Bg7 13. Nxf7 Kxf7 14. Nd2 cxd4 15.
Nf3 Ne4 16. Nxg5+ Nxg5 17. Bxg5 Qd6 18. Qf3+ Kg8 19. Bf4 e5 20. Bg3 Qf6 21. Qb3
Qe6 22. Bxe5 Bxe5 23. f4 Qd6 24. Rxe5 Rb8 25. Qd3 h6 26. Rae1 Rh7 27. Qxd4 Rb4
28. Qe3 Rf7 29. f5 d4 30. Qd3 Rxb2 31. Re6 Qb4 32. f6 Rxf6 33. Rxe7 Kf8 34.
Re8+ Kg7 35. R8e7+ Rf7 36. Rxf7+ Kxf7 37. Qh7+ Kf8 38. Qxh6+ Kf7 39. Qe6+ Kg7
40. Qd7+ Kg6 41. Re6+ Kg5 42. Qg7+ Kh4 43. Rh6+ Kg3 44. Qe5+ 1-0

[Event "Cto Aragón Equipos DH Gr II"]
[Site "Aragon"]
[Date "2015.01.31"]
[Round "2.18"]
[White "Quintin Navarro, Alberto"]
[Black "Cobo Garrido, Diego Israel"]
[Result "1-0"]
[WhiteElo "2331"]
[BlackElo "2040"]
[PlyCount "89"]
[EventDate "2015.01.24"]
[WhiteTeam "St. Casablanca"]
[BlackTeam "ONCE Aragon"]

1. Nf3 d5 2. c4 c6 3. g3 Nf6 4. Bg2 Nbd7 5. d4 dxc4 6. O-O g6 7. Qc2 Bg7 8. e4
O-O 9. e5 Nd5 10. Qxc4 N7b6 11. Qe2 Bf5 12. Rd1 Qc8 13. Nbd2 Bc2 14. Rf1 Nb4
15. Ne1 Ba4 16. Qe4 Bb5 17. Qh4 Bxf1 18. Bxf1 N4d5 19. Bh3 e6 20. Ne4 f5 21.
Nc5 Re8 22. Nf3 Nd7 23. Nd3 c5 24. Bg2 cxd4 25. Bh6 Qd8 26. Ng5 Nf8 27. Nc5 b6
28. Nb7 Qd7 29. Nd6 Bxe5 30. Nxe8 Rxe8 31. Bxd5 exd5 32. Nf3 Bg7 33. Bxg7 Re4
34. Qf6 Qxg7 35. Qd6 Qd7 36. Qf6 Qe6 37. Qd8 d3 38. Rd1 Re3 39. Ng5 Re1+ 40.
Kg2 Qe7 41. Qxd5+ Kh8 42. Qd4+ Kg8 43. Qc4+ Kh8 44. Qc3+ Re5 45. Qxe5+ 1-0

[Event "Cto Aragón Equipos DH Gr II"]
[Site "Aragon"]
[Date "2015.01.31"]
[Round "2.19"]
[White "Ferrer Echavarri, Fco Javier"]
[Black "Lopez Gracia, Fernando"]
[Result "0-1"]
[WhiteElo "1953"]
[BlackElo "2327"]
[PlyCount "44"]
[EventDate "2015.01.24"]
[WhiteTeam "ONCE Aragon"]
[BlackTeam "St. Casablanca"]

1. d4 d6 2. c4 g6 3. Nc3 Bg7 4. e4 e5 5. d5 h5 6. Be2 Nd7 7. Nf3 a5 8. Bg5 f6
9. Be3 Bh6 10. Bxh6 Nxh6 11. a3 O-O 12. Nh4 Kg7 13. g3 Nc5 14. b4 axb4 15. axb4
Rxa1 16. Qxa1 Nb3 17. Qd1 Nd4 18. O-O Bh3 19. Ng2 c6 20. f4 Qb6 21. Rf2 Nxe2+
22. Nxe2 Ng4 0-1

[Event "Cto Aragón Equipos DH Gr II"]
[Site "Aragon"]
[Date "2015.01.31"]
[Round "2.20"]
[White "Chueca Lorente, Javier"]
[Black "Soriano Gracia, Manuel"]
[Result "1-0"]
[WhiteElo "2039"]
[BlackElo "1829"]
[PlyCount "31"]
[EventDate "2015.01.24"]
[WhiteTeam "St. Casablanca"]
[BlackTeam "ONCE Aragon"]

1. c4 c6 2. e4 d5 3. exd5 cxd5 4. d4 Nf6 5. Nc3 Nc6 6. Bg5 dxc4 7. Bxc4 Qxd4 8.
Qxd4 Nxd4 9. O-O-O e5 10. f4 Bg4 11. Nf3 Bxf3 12. gxf3 Rc8 13. fxe5 Rxc4 14.
exf6 Nxf3 15. fxg7 Bxg7 16. Rd8# 1-0

[Event "Cto Aragón Equipos DH Gr II"]
[Site "Aragon"]
[Date "2015.01.31"]
[Round "2.21"]
[White "Colas Longares, Rafael P"]
[Black "Fernandez Rubio, Rafael"]
[Result "1-0"]
[WhiteElo "2270"]
[BlackElo "2114"]
[PlyCount "83"]
[EventDate "2015.01.24"]
[WhiteTeam "Caissa"]
[BlackTeam "Tauste"]

1. e4 d6 2. Nc3 e5 3. g3 Nf6 4. Bg2 Nc6 5. d3 Be7 6. Nge2 Bg4 7. h3 Bxe2 8.
Qxe2 Nd4 9. Qd1 c6 10. O-O h5 11. Ne2 Ne6 12. d4 Qc7 13. d5 Nc5 14. Nc3 cxd5
15. Nxd5 Nxd5 16. Qxd5 h4 17. Be3 Ne6 18. Rad1 Qc6 19. c3 a6 20. Qd2 O-O-O 21.
Qe2 Kb8 22. Rd5 g6 23. Qd2 Qc7 24. g4 Rhg8 25. g5 Rgf8 26. f4 f6 27. gxf6 Bxf6
28. f5 gxf5 29. exf5 Ng7 30. b4 Nh5 31. b5 a5 32. b6 Qc6 33. c4 Rg8 34. Qxa5
Rg3 35. Bf2 Rg7 36. Kh2 Rdg8 37. Bf3 Nf4 38. Rc5 Rg2+ 39. Kh1 Rg1+ 40. Bxg1
Rxg1+ 41. Kxg1 Nxh3+ 42. Kh2 1-0

[Event "Cto Aragón Equipos DH Gr II"]
[Site "Aragon"]
[Date "2015.01.31"]
[Round "2.22"]
[White "Sierra Aguerri, Joaquin"]
[Black "Garcia Vicente, Nieves"]
[Result "1/2-1/2"]
[WhiteElo "2053"]
[BlackElo "2171"]
[PlyCount "81"]
[EventDate "2015.01.24"]
[WhiteTeam "Tauste"]
[BlackTeam "Caissa"]

1. e4 e5 2. Nf3 Nc6 3. Bc4 Nf6 4. Ng5 d5 5. exd5 Nd4 6. c3 b5 7. Bf1 Nxd5 8.
Nxf7 Kxf7 9. cxd4 Bb7 10. Qh5+ g6 11. Qf3+ Kg7 12. dxe5 Bc5 13. d4 Bxd4 14. Qe4
c5 15. Be2 Qe7 16. Bf3 Rab8 17. O-O Rhf8 18. Qe2 Qxe5 19. Qxe5+ Bxe5 20. Rd1
Nb4 21. Bxb7 Rxb7 22. Nc3 Nc2 23. Rb1 Bd4 24. Rf1 b4 25. Nd1 Re7 26. b3 Na3 27.
Bxa3 bxa3 28. Ne3 Ref7 29. Rbe1 h5 30. h4 Rf4 31. g3 Rf3 32. Kg2 R8f7 33. Re2
Bxe3 34. Rxe3 Rxe3 35. fxe3 Rd7 36. Rf2 Rd3 37. Kf3 Rd1 38. Re2 Ra1 39. Ke4 Kf6
40. Kd5 Rb1 41. e4 1/2-1/2

[Event "Cto Aragón Equipos DH Gr II"]
[Site "Aragon"]
[Date "2015.01.31"]
[Round "2.23"]
[White "Gil Capape, Marco Antonio"]
[Black "Bogomilov Georgiev, Georgi Ii"]
[Result "1-0"]
[WhiteElo "2073"]
[BlackElo "2015"]
[PlyCount "109"]
[EventDate "2015.01.24"]
[WhiteTeam "Caissa"]
[BlackTeam "Tauste"]

1. e4 d5 2. exd5 Nf6 3. Nc3 Nxd5 4. Bc4 e6 5. Nge2 g6 6. d4 Bg7 7. Ne4 b6 8.
Bg5 f6 9. Bd2 Bb7 10. O-O Nc6 11. Re1 Qd7 12. Bb3 O-O-O 13. c4 Nde7 14. Ba4 h6
15. Bc3 Nf5 16. d5 exd5 17. cxd5 Qxd5 18. Qxd5 Rxd5 19. Bb3 Rdd8 20. Be6+ Kb8
21. Nxf6 Bc8 22. Nf4 Ncd4 23. Bxc8 Kxc8 24. Nxg6 Bxf6 25. Nxh8 Bxh8 26. Rac1
Bf6 27. Kf1 Rd6 28. Re4 Kd7 29. Rd1 c5 30. f3 Bg5 31. f4 Bxf4 32. Bxd4 cxd4 33.
Rxf4 Ne3+ 34. Ke2 Nxd1 35. Kxd1 Ke6 36. Kd2 Ke5 37. g3 Kd5 38. Kd3 Kc5 39. g4
a5 40. h4 b5 41. g5 hxg5 42. Rf5+ Kc6 43. hxg5 Kc7 44. Rxb5 a4 45. Re5 Rb6 46.
Re2 a3 47. b3 Rg6 48. Re5 Kb6 49. Kxd4 Rc6 50. Re2 Rc1 51. Rg2 Rb1 52. Kc3 Kb5
53. g6 Rc1+ 54. Kd3 Rd1+ 55. Ke2 1-0

[Event "Cto Aragón Equipos DH Gr II"]
[Site "Aragon"]
[Date "2015.01.31"]
[Round "2.24"]
[White "Sancho Casale, Jesus"]
[Black "Alonso Fdez-Revuelta, Rodrigo"]
[Result "1/2-1/2"]
[WhiteElo "1980"]
[BlackElo "2024"]
[PlyCount "88"]
[EventDate "2015.01.24"]
[WhiteTeam "Tauste"]
[BlackTeam "Caissa"]

1. e4 e6 2. d4 d5 3. Nc3 Nc6 4. Nf3 Nf6 5. exd5 exd5 6. Be2 Be7 7. Bf4 Bf5 8.
Ne5 O-O 9. O-O Ne4 10. Nxc6 bxc6 11. Nxe4 Bxe4 12. Qd2 Bd6 13. Bxd6 Qxd6 14.
Bd3 Bxd3 15. Qxd3 c5 16. dxc5 Qxc5 17. Rfd1 Rad8 18. Rac1 Qb6 19. Qb3 Rfe8 20.
Rd2 Re5 21. Qxb6 axb6 22. Kf1 c5 23. c3 Kf8 24. b4 cxb4 25. cxb4 Re4 26. a3 Ra8
27. Rd3 Rc4 28. Rcd1 Rc2 29. Re3 Rd8 30. Rd4 Rc4 31. Red3 Rxd4 32. Rxd4 Ke7 33.
Ke2 Kd6 34. Rd2 Rc8 35. Kd3 Ra8 36. Ra2 b5 37. h4 Ra7 38. g4 Ra8 39. Kc3 Rc8+
40. Kb3 Rc4 41. f3 d4 42. Rc2 Kd5 43. h5 d3 44. Rxc4 bxc4+ 1/2-1/2

[Event "Cto Aragón Equipos DH Gr II"]
[Site "Aragon"]
[Date "2015.01.31"]
[Round "2.25"]
[White "Hefty, Jorge W"]
[Black "Del Rey, Diego"]
[Result "1-0"]
[WhiteElo "2325"]
[BlackElo "2390"]
[PlyCount "51"]
[EventDate "2015.01.24"]
[WhiteTeam "Ibercaja"]
[BlackTeam "El Olivar"]

1. d4 Nf6 2. c4 g6 3. Nc3 Bg7 4. e4 d6 5. Be2 O-O 6. Nf3 e5 7. O-O Nc6 8. d5
Ne7 9. b4 Nh5 10. c5 f5 11. Nd2 Nf4 12. f3 c6 13. Nc4 cxd5 14. Nxd6 Be6 15.
exd5 Nfxd5 16. Bc4 Nc7 17. Qb3 Qd7 18. Ncb5 Ncd5 19. Bg5 Bf6 20. Bh6 Bg7 21.
Bxg7 Kxg7 22. Rad1 Qc6 23. Qb2 Rf6 24. Qxe5 Bg8 25. Nc3 Nxc3 26. Qxe7+ 1-0

[Event "Cto Aragón Equipos DH Gr II"]
[Site "Aragon"]
[Date "2015.01.31"]
[Round "2.26"]
[White "Hernando Garcia, Antonio"]
[Black "Martinez Cebolla, Alberto"]
[Result "1/2-1/2"]
[WhiteElo "2176"]
[BlackElo "2050"]
[PlyCount "108"]
[EventDate "2015.01.24"]
[WhiteTeam "El Olivar"]
[BlackTeam "Ibercaja"]

1. c4 e5 2. g3 Nf6 3. Bg2 d5 4. cxd5 Nxd5 5. Nc3 Nb6 6. Nf3 Nc6 7. O-O Be7 8.
d3 Be6 9. a3 O-O 10. b4 Nd4 11. Rb1 Nxf3+ 12. Bxf3 c6 13. Bd2 f5 14. a4 Nd5 15.
b5 c5 16. Nxd5 Bxd5 17. Bxd5+ Qxd5 18. Qb3 Rad8 19. Bc3 Bf6 20. f4 exf4 21.
Bxf6 Rxf6 22. Rxf4 Qxb3 23. Rxb3 Kf7 24. Rc4 b6 25. a5 Re6 26. Kf2 g5 27. h4 h6
28. axb6 axb6 29. Ra4 Kg6 30. Rba3 Rde8 31. Ra2 Rd8 32. hxg5 hxg5 33. Kf3 Rdd6
34. Ra8 g4+ 35. Kf2 Rd7 36. R2a7 Rxa7 37. Rxa7 Kf6 38. Rd7 Ke5 39. Ke3 Kf6+ 40.
Kd2 Ke5 41. Rf7 Rh6 42. Ke3 Re6 43. Rf8 Kd5+ 44. Kf4 Rxe2 45. Rxf5+ Kd4 46.
Kxg4 Kxd3 47. Rf6 Rb2 48. Rxb6 c4 49. Rb8 c3 50. b6 c2 51. Rd8+ Ke2 52. Rc8 Kd2
53. Rd8+ Ke2 54. Rc8 Kd2 1/2-1/2

[Event "Cto Aragón Equipos DH Gr II"]
[Site "Aragon"]
[Date "2015.01.31"]
[Round "2.27"]
[White "Gines Abad, Pedro"]
[Black "Melendez Fierro, Juan Bautista"]
[Result "0-1"]
[WhiteElo "2036"]
[BlackElo "2139"]
[PlyCount "120"]
[EventDate "2015.01.24"]
[WhiteTeam "Ibercaja"]
[BlackTeam "El Olivar"]

1. Nf3 Nf6 2. d4 g6 3. c4 Bg7 4. g3 O-O 5. Bg2 d5 6. cxd5 Nxd5 7. O-O Nb6 8.
Nc3 Nc6 9. e3 Be6 10. Re1 Qc8 11. Ng5 Bg4 12. f3 Bf5 13. g4 Bd7 14. Nge4 f5 15.
Nc5 e5 16. d5 Ne7 17. Nxd7 Qxd7 18. e4 Rad8 19. Bg5 h6 20. Bh4 g5 21. Bg3 fxg4
22. fxg4 Ng6 23. h3 Nf4 24. Bf1 c6 25. dxc6 Qxc6 26. Qb3+ Kh8 27. Rad1 Qc5+ 28.
Bf2 Nxh3+ 29. Bxh3 Qxf2+ 30. Kh1 Qf3+ 31. Kh2 Qf2+ 32. Kh1 Qf3+ 33. Kh2 Qf4+
34. Kh1 Rxd1 35. Rxd1 Qf3+ 36. Kh2 Qf2+ 37. Kh1 Qf3+ 38. Kh2 Qf2+ 39. Kh1 Rf3
40. Bg2 Qh4+ 41. Kg1 Qf2+ 42. Kh2 Qh4+ 43. Kg1 Qxg4 44. Rd8+ Rf8 45. Rxf8+ Bxf8
46. Qb5 Qe6 47. Nd5 Nxd5 48. exd5 Qb6+ 49. Qxb6 axb6 50. Be4 Kg7 51. Kg2 Kf6
52. Kf3 h5 53. Kg3 Bb4 54. a4 Be1+ 55. Kf3 g4+ 56. Ke2 Bb4 57. b3 Kg5 58. Kf2
Kf4 59. Bg6 h4 60. Be8 h3 0-1

[Event "Cto Aragón Equipos DH Gr II"]
[Site "Aragon"]
[Date "2015.01.31"]
[Round "2.28"]
[White "Burillo Rodriguez, Carlos"]
[Black "Castillo Sanjuan, Daniel"]
[Result "0-1"]
[WhiteElo "2034"]
[BlackElo "1998"]
[PlyCount "70"]
[EventDate "2015.01.24"]
[WhiteTeam "El Olivar"]
[BlackTeam "Ibercaja"]

1. d4 Nf6 2. Nf3 g6 3. g3 Bg7 4. Bg2 d6 5. O-O O-O 6. c4 Nbd7 7. Nc3 c5 8. e3
Rb8 9. Qc2 a6 10. b3 b5 11. Bb2 Qb6 12. dxc5 Nxc5 13. Nd2 Bb7 14. Nd5 Nxd5 15.
cxd5 Bxb2 16. Qxb2 Rbc8 17. Qd4 Nd7 18. Qh4 Nf6 19. Ne4 Nxe4 20. Bxe4 Rfe8 21.
Rfd1 Qa5 22. Rd4 Qa3 23. Qh6 Rf8 24. Bf5 Qb2 25. Rb1 Rc1+ 26. Rxc1 Qxc1+ 27.
Kg2 Qb2 28. Bd7 Qc3 29. Qg5 e6 30. Rh4 Bxd5+ 31. e4 Bb7 32. Qh6 Qg7 33. Qf4 Qe5
34. Qe3 Rd8 35. f4 Qxe4+ 0-1

[Event "Cto Aragón Equipos DH Gr II"]
[Site "Aragon"]
[Date "2015.01.31"]
[Round "2.29"]
[White "Donoso Sanchez, Alejandro"]
[Black "Guzman Moneo, Alberto"]
[Result "0-1"]
[WhiteElo "2218"]
[BlackElo "2216"]
[PlyCount "114"]
[EventDate "2015.01.24"]
[WhiteTeam "CMU Cerbuna"]
[BlackTeam "Helios"]

1. e4 e5 2. Nf3 Nc6 3. Bb5 a6 4. Ba4 Nf6 5. O-O b5 6. Bb3 Bb7 7. Re1 Bc5 8. c3
d6 9. d4 Bb6 10. Bg5 h6 11. Bh4 g5 12. Bg3 Qe7 13. a4 h5 14. h4 g4 15. Ng5 Nd8
16. axb5 axb5 17. Rxa8 Bxa8 18. Na3 Nd7 19. d5 Nc5 20. Bc2 f6 21. Ne6 Ndxe6 22.
dxe6 c6 23. Qd2 Nxe6 24. Rd1 Bc7 25. Bb1 Bb7 26. Nc2 Bc8 27. Nb4 Nd8 28. Ba2
Kf8 29. Kh1 Kg7 30. f4 gxf3 31. gxf3 Rh6 32. Qe3 Rg6 33. Rg1 Be6 34. Bb1 Bf7
35. Qa7 Qd7 36. Kh2 Ne6 37. Ba2 Nc5 38. Bxf7 Kxf7 39. Qa8 d5 40. exd5 cxd5 41.
Qxd5+ Qxd5 42. Nxd5 Bd6 43. Nb4 Na4 44. Rd1 Ke6 45. Rd2 Rg8 46. Nd5 f5 47. Nf6
Rh8 48. Nd5 Nc5 49. Bf2 Nb3 50. Rd1 Ra8 51. c4 Ra2 52. cxb5 Rxb2 53. Kg1 Nd2
54. Rxd2 Rxd2 55. Nc3 Bb4 56. Na4 Ra2 57. Nb6 Rxf2 0-1

[Event "Cto Aragón Equipos DH Gr II"]
[Site "Aragon"]
[Date "2015.01.31"]
[Round "2.30"]
[White "Cerrajeria Ruiz, Jesus Maria"]
[Black "Gella Bitrian, Diego"]
[Result "1-0"]
[WhiteElo "2163"]
[BlackElo "2033"]
[PlyCount "143"]
[EventDate "2015.01.24"]
[WhiteTeam "Helios"]
[BlackTeam "CMU Cerbuna"]

1. d4 Nf6 2. Bg5 g6 3. Bxf6 exf6 4. c4 d5 5. cxd5 Qxd5 6. Nc3 Qd6 7. g3 f5 8.
e3 c6 9. Bg2 Bg7 10. Nge2 O-O 11. O-O Be6 12. Nf4 Bc4 13. Re1 Nd7 14. Rc1 Ba6
15. Na4 Rac8 16. h4 Rfd8 17. h5 b6 18. hxg6 hxg6 19. Qb3 Nf8 20. Rc2 Bb7 21.
Rec1 Rc7 22. Nc3 Rdd7 23. a4 Ne6 24. Nxe6 fxe6 25. a5 b5 26. Ne2 g5 27. Rc5 Rf7
28. Qc2 f4 29. Bxc6 f3 30. Bxb7 fxe2 31. a6 Bxd4 32. exd4 Qxd4 33. Rxg5+ Kf8
34. Qxe2 Rxc1+ 35. Kg2 Qd1 36. Qxd1 Rxd1 37. Rxb5 Rd2 38. Bf3 Rd3 39. Rb8+ Kg7
40. Bh5 Re7 41. Be2 Rd2 42. Kf3 Kf6 43. Ke3 Rd6 44. b3 Red7 45. Bb5 Rc7 46. Bc4
Ke7 47. Rh8 Rdc6 48. f4 Rd6 49. g4 Rxc4 50. bxc4 Rxa6 51. g5 Kf7 52. Kd4 Ra1
53. Rh7+ Kg6 54. Rh6+ Kf7 55. Kc5 a5 56. Kb5 a4 57. c5 a3 58. Kc6 a2 59. Rh2
Kg6 60. Kc7 Rc1 61. Rxa2 Rxc5+ 62. Kd6 Rc4 63. Rf2 Re4 64. Ke7 Re1 65. Rh2 Re4
66. Rh6+ Kg7 67. Rf6 e5 68. f5 Ra4 69. Rg6+ Kh7 70. Rh6+ Kg8 71. Re6 e4 72. Kf6
1-0

[Event "Cto Aragón Equipos DH Gr II"]
[Site "Aragon"]
[Date "2015.01.31"]
[Round "2.31"]
[White "Sacristan Latorre, Alberto"]
[Black "Aparicio Navarro, Pedro"]
[Result "0-1"]
[WhiteElo "2021"]
[BlackElo "2154"]
[PlyCount "106"]
[EventDate "2015.01.24"]
[WhiteTeam "CMU Cerbuna"]
[BlackTeam "Helios"]

1. e4 c5 2. c3 Nf6 3. e5 Nd5 4. d4 cxd4 5. cxd4 d6 6. Nf3 Nc6 7. Bc4 e6 8. O-O
Nb6 9. Bb5 Bd7 10. Nc3 a6 11. Bd3 dxe5 12. dxe5 Be7 13. Bf4 O-O 14. Rc1 Nb4 15.
Be4 Bc6 16. Bxc6 Qxd1 17. Rfxd1 Nxc6 18. Ne4 Nd5 19. Bg5 Bxg5 20. Nexg5 Rfd8
21. Kf1 Nf4 22. Ne4 Nd3 23. Rc2 Ndxe5 24. Rxd8+ Rxd8 25. Nxe5 Nxe5 26. Rc7 b5
27. Ra7 Nd3 28. Rxa6 Nxb2 29. Rb6 h6 30. Rxb5 Nc4 31. a4 Rd1+ 32. Ke2 Ra1 33.
Nc3 f6 34. h3 e5 35. Kd3 Nd6 36. Rb6 Nf5 37. Rb1 Ra3 38. Kc4 Nd4 39. Rb2 Kf7
40. Kb4 Ra1 41. Ra2 Rc1 42. a5 Nc6+ 43. Kc4 Ke6 44. a6 Na7 45. Rb2 Nc8 46. Ra2
Na7 47. Rb2 Nc8 48. Rb3 Kd6 49. Kb5 Ra1 50. Na4 Kc7 51. Rc3+ Kb8 52. Nc5 Ka7
53. Kc6 Ra2 0-1

[Event "Cto Aragón Equipos DH Gr II"]
[Site "Aragon"]
[Date "2015.01.31"]
[Round "2.32"]
[White "Montes Santos, Lorenzo"]
[Black "Gomez Salinas, Nestor"]
[Result "1-0"]
[WhiteElo "2064"]
[BlackElo "1938"]
[PlyCount "73"]
[EventDate "2015.01.24"]
[WhiteTeam "Helios"]
[BlackTeam "CMU Cerbuna"]

1. Nf3 c5 2. c4 Nc6 3. d4 cxd4 4. Nxd4 Nf6 5. Nc3 e6 6. g3 d5 7. Bg2 Qb6 8.
Nxc6 bxc6 9. O-O Ba6 10. cxd5 exd5 11. Qa4 Rd8 12. Be3 d4 13. Qxc6+ Qxc6 14.
Bxc6+ Ke7 15. Bd2 dxc3 16. Bxc3 Rc8 17. Bg2 Ke6 18. Bh3+ Ng4 19. Bxg4+ f5 20.
Bf3 Kf7 21. Rfd1 Rc7 22. Rd8 Bc4 23. Rad1 Bxa2 24. R1d7+ Rxd7 25. Rxd7+ Be7 26.
Rxa7 Be6 27. Bxg7 Rg8 28. Be5 Rd8 29. Kg2 Rd2 30. Bc3 Rd7 31. Rxd7 Bxd7 32.
Bd5+ Kg6 33. f4 Bc5 34. e4 Bb5 35. Kf3 h5 36. exf5+ Kxf5 37. Be4+ 1-0